000 00458nam a2200181Ia 4500
001 5257
005 20260306145855.0
008 260306t2002||||xx |||||||||||||| ||spa||
041 _aESP
082 _a338.4791
_bR783
100 _aRufín Moreno, Ramón
_eAUT
245 0 _aLas empresas turísticas en la sociedad de la información
260 _c2002
300 _a428 páginas :
_c24 cm.
650 _aGEN
654 _aCAN
942 _cLIB
_dJUS
_fJUS
_2ddc
_n
999 _c5257
_d5257